[Event "26th Asian Juniors"]
[Site "Negombo SRI"]
[Date "2003.07.19"]
[Round "2"]
[White "Gupta,Ab"]
[Black "Mahesh Chandran,P"]
[Result "0-1"]
[WhiteElo "2289"]
[BlackElo "2419"]

1.d4 Nf6 2.c4 e6 3.Nc3 Bb4 4.Qc2 O-O 5.e4 d5 6.e5 Ne4 7.a3 Bxc3+ 8.bxc3 c5
9.Bd3 Nc6 10.Ne2 cxd4 11.cxd4 Qa5+ 12.Kf1 f6 13.Bxe4 dxe4 14.exf6 Rxf6 15.Be3 Qa6
16.Ng3 e5 17.Nxe4 Rf8 18.d5 Bf5 19.Nc5 Qa5 20.Qd1 Nd4 21.Nb3 Qa6 22.Nxd4 exd4
23.Qxd4 Rac8 24.Kg1 Rxc4 25.Qxa7 Qf6 26.Rd1 Rg4 27.f3 Rxg2+ 28.Kxg2 Bh3+
29.Kf2 Qxf3+ 30.Ke1 Qxh1+ 31.Kd2 Qxd5+ 32.Bd4 Qa2+ 33.Kc3 Rc8+ 34.Bc5 Be6
35.Rd4 Qb3+ 36.Kd2 Qb2+ 37.Kd3 Qb3+ 38.Kd2 Bf5 39.Qb6 Qc2+ 40.Ke3 Re8+ 41.Kf4 Qf2+
42.Kg5  0-1

[Event "TCh-Europe u18"]
[Site "Balatonlelle HUN"]
[Date "2003.07.20"]
[Round "2"]
[White "Erdos,V"]
[Black "Bratovic,B"]
[Result "1/2-1/2"]
[WhiteElo "2420"]
[BlackElo "2320"]

1.d4 Nf6 2.c4 e6 3.Nc3 Bb4 4.Qc2 O-O 5.a3 Bxc3+ 6.Qxc3 b6 7.Bg5 Bb7 8.f3 h6
9.Bh4 d5 10.e3 Nbd7 11.cxd5 Nxd5 12.Bxd8 Nxc3 13.Bh4 Nd5 14.Bf2 c5 15.e4 Nf4
16.Bb5 Rad8 17.Ne2 Nxg2+ 18.Kf1 f5 19.d5 a6 20.dxe6 axb5 21.e7 fxe4 22.exd8=Q Rxd8
23.fxe4 Bxe4 24.Rg1 Nf6 25.Rxg2 Bxg2+ 26.Kxg2 Rd2 27.Kf1 Rxb2 28.a4 Ng4 29.Bg1 b4
30.a5 bxa5 31.h3 Ne5 32.Rxa5 Rb1+ 33.Kg2 Rb2 34.Kf1 Rb1+ 35.Kg2 Re1 36.Nf4 b3
37.Rb5 c4 38.Bd4 Nd3 39.Nxd3 cxd3 40.Bc3 Re2+ 41.Kf3 Rh2 42.Kg3 Rc2 43.Rxb3 d2
44.Bxd2  1/2-1/2

[Event "BCSA Open"]
[Site "Batumi GEO"]
[Date "2003.07.23"]
[Round "7"]
[White "Gagunashvili,M"]
[Black "Shengelia,D"]
[Result "1-0"]
[WhiteElo "2577"]
[BlackElo "2486"]

1.d4 Nf6 2.c4 e6 3.Nc3 Bb4 4.Qc2 O-O 5.a3 Bxc3+ 6.Qxc3 b6 7.Bg5 Bb7 8.f3 d5
9.e3 Nbd7 10.Nh3 h6 11.Bh4 c5 12.cxd5 Nxd5 13.Bxd8 Nxc3 14.Be7 Rfe8 15.Bh4 Nd5
16.Bb5 g5 17.Bf2 Red8 18.e4 Nc7 19.Bxd7 Rxd7 20.dxc5 f5 21.cxb6 axb6 22.exf5 exf5
23.O-O b5 24.Rfe1 f4 25.Bc5 Kf7 26.Nf2 Ne6 27.Bb4 h5 28.Re5 Rd5 29.Re2 Rg8
30.Rae1 Rg6 31.Ne4 g4 32.fxg4 f3 33.gxh5 fxe2 34.hxg6+ Kxg6 35.Rxe2 Nf4 36.Re3 Rd1+
37.Kf2 Bd5 38.Rg3+ Kf5 39.Nd6+ Ke6 40.Nxb5 Nd3+ 41.Ke2 Nxb2 42.Nc7+ Kf5 43.Nxd5 Rxd5
44.Rc3 Ke4 45.Rh3 Rg5 46.Rh4+ Kd5 47.Kf3 Nd3 48.Bc3 Rf5+ 49.Ke3 Nf2 50.Rd4+ Ke6
51.a4  1-0

[Event "ch-NED Open"]
[Site "Dieren NED"]
[Date "2003.07.23"]
[Round "2"]
[White "Ellenbroek,T"]
[Black "Brokken,D"]
[Result "1/2-1/2"]
[WhiteElo "2087"]
[BlackElo "2187"]

1.d4 Nf6 2.c4 e6 3.Nc3 Bb4 4.Qc2 O-O 5.e4 c5 6.a3 Bxc3+ 7.bxc3 cxd4 8.cxd4 d5
9.e5 Nfd7 10.cxd5 exd5 11.Nf3 Re8 12.Bd3 Nf8 13.O-O Nc6 14.h3 Be6 15.Be3 h6
16.Rab1 Re7 17.Qd2 Ng6 18.Nh2 Qa5 19.Qxa5 Nxa5 20.f4 Nf8 21.f5 Bc8 22.Rfc1 Nc4
23.Bxc4 dxc4 24.g4 Rc7 25.Rb4 Nd7 26.Rbxc4 Rxc4 27.Rxc4 Nb6 28.Rc5 g6 29.fxg6 fxg6
30.Bxh6 Be6 31.Rc7 Rd8 32.Nf3 Rd7 33.Rxd7 Bxd7 34.Kf2 Kf7 35.Be3 Ke6 36.Ng5+ Kd5
37.Kf3 Nc4 38.Ne4 Bc6 39.h4 Nxe5+ 40.dxe5 Kxe5 41.Bxa7 Bxe4+ 42.Ke3 Bc6 43.Bb8+ Kf6
44.Kf4 g5+ 45.Kg3 gxh4+ 46.Kxh4 Kg6  1/2-1/2

[Event "TCh-Europe u18"]
[Site "Balatonlelle HUN"]
[Date "2003.07.24"]
[Round "5"]
[White "Martinovic,Sa"]
[Black "Barnaure,V"]
[Result "1/2-1/2"]
[WhiteElo "2080"]
[BlackElo "2317"]

1.d4 Nf6 2.c4 e6 3.Nc3 Bb4 4.Qc2 O-O 5.a3 Bxc3+ 6.Qxc3 b6 7.Bg5 Bb7 8.f3 h6
9.Bh4 Nc6 10.e3 d5 11.Bd3 Rc8 12.Ne2 dxc4 13.Bxc4 Na5 14.Ba2 c5 15.dxc5 Rxc5
16.Bxf6 gxf6 17.Qd4 Qxd4 18.Nxd4 Nc6 19.Nxc6 Rxc6 20.Bb3 Rd8 21.Rd1 Rcd6
22.e4 Ba6 23.Bc2 Kf8 24.h4 Ke7 25.g3 Rxd1+ 26.Bxd1 Bd3 27.Rh2 f5 28.exf5 Bxf5
29.Bc2 Kf6 30.Bxf5 Kxf5 31.Rc2 Rd7 32.Ke2 h5 33.Ke3 f6 34.Rc4  1/2-1/2

[Event "BCSA Open"]
[Site "Batumi GEO"]
[Date "2003.07.24"]
[Round "8"]
[White "Kotanjian,T"]
[Black "Gelashvili,T"]
[Result "1-0"]
[WhiteElo "2431"]
[BlackElo "2520"]

1.d4 Nf6 2.c4 e6 3.Nc3 Bb4 4.Qc2 O-O 5.a3 Bxc3+ 6.Qxc3 b6 7.Bg5 Bb7 8.f3 d6
9.e4 c5 10.d5 exd5 11.Bxf6 Qxf6 12.Qxf6 gxf6 13.exd5 Re8+ 14.Kf2 Nd7 15.Ne2 Kg7
16.Ng3 Ba6 17.Nf5+ Kf8 18.Nxd6 Red8 19.f4 b5 20.cxb5 Nb6 21.Ne4 Bc8 22.d6 Bf5
23.Ng3 Bc2 24.Rc1 Bb3 25.Nf5 Be6 26.Bd3 c4 27.Be4 Bxf5 28.Bxf5 Rxd6 29.Rhd1 Rad8
30.Bc2 h6 31.Rxd6 Rxd6 32.Rd1 Ke7 33.a4 Nd5 34.Kf3 Nb4 35.Rxd6 Kxd6 36.Be4 Kc5
37.Ke3 f5 38.Bxf5 Nd5+ 39.Ke4 Nb6 40.a5 Na8 41.Bd7 Nc7 42.g4 f6 43.h4 Kd6
44.b6 axb6 45.axb6 Na6 46.Bb5 Nc5+ 47.Kf5 Nd3 48.Bxc4 Nxb2 49.b7 Kc7 50.Bd5 Nd3
51.Kxf6 Nxf4 52.Be4  1-0

[Event "ch-NED Open"]
[Site "Dieren NED"]
[Date "2003.07.25"]
[Round "4"]
[White "Bensdorp,M"]
[Black "Van den Dikkenberg,E"]
[Result "1-0"]
[WhiteElo "2164"]
[BlackElo "2277"]

1.d4 Nf6 2.c4 e6 3.Nc3 Bb4 4.Qc2 O-O 5.a3 Bxc3+ 6.Qxc3 b5 7.e3 bxc4 8.Bxc4 Bb7
9.f3 Nh5 10.Qc2 Nc6 11.Nh3 f5 12.O-O Kh8 13.b4 Qh4 14.Bb2 Ne7 15.Qf2 Qxf2+
16.Nxf2 Nd5 17.Rfe1 Nhf6 18.Rac1 c6 19.Nd3 Nb6 20.Bb3 Rfb8 21.Nc5 Bc8 22.d5 Nbxd5
23.Be5 Rb6 24.e4 fxe4 25.fxe4 Nxb4 26.axb4 Rxb4 27.Rf1 Ba6 28.Rf3 Be2 29.Rg3 a5
30.Bc3 Rb5 31.Bxf6 gxf6 32.Nxd7 a4 33.Bxe6 a3 34.Nxf6 Rb2 35.Ra1 a2 36.Rxa2 Rbxa2
37.Bxa2 c5  1-0

[Event "3rd Savaria Summer Open"]
[Site "Szombathely HUN"]
[Date "2003.07.27"]
[Round "9"]
[White "Pataki,G"]
[Black "Joo,G"]
[Result "1/2-1/2"]
[WhiteElo "2366"]
[BlackElo "2197"]

1.d4 Nf6 2.c4 e6 3.Nc3 Bb4 4.Qc2 O-O 5.a3 Bxc3+ 6.Qxc3 b6 7.Bg5 Bb7 8.f3 h6
9.Bh4 d5 10.e3 Nbd7 11.cxd5 Nxd5 12.Bxd8 Nxc3 13.Bh4 Nd5 14.Bf2 c5 15.e4 Ne7
16.Ne2 Rfd8 17.Nc3 cxd4 18.Bxd4 Nc6 19.Be3  1/2-1/2

[Event "ch-NED Open"]
[Site "Dieren NED"]
[Date "2003.07.28"]
[Round "6"]
[White "Bensdorp,M"]
[Black "Van Eijk,S"]
[Result "0-1"]
[WhiteElo "2164"]
[BlackElo "2233"]

1.d4 Nf6 2.c4 e6 3.Nc3 Bb4 4.Qc2 O-O 5.a3 Bxc3+ 6.Qxc3 b5 7.cxb5 c6 8.bxc6 Nxc6
9.Nf3 Ba6 10.Bg5 h6 11.Bxf6 Qxf6 12.e3 Bxf1 13.Kxf1 Rfc8 14.Qd2 e5 15.d5 Ne7
16.e4 Rc4 17.Qe2 Rac8 18.Ne1 Qh4 19.f3 f5 20.d6 Ng6 21.exf5 Nf4 22.Qf2 Qf6
23.g3 Nh3 24.Qg2 Ng5 25.h4 Nf7 26.g4 Qxd6 27.Rh2 Rd4 28.Qe2 e4 29.Rf2 exf3
30.Qxf3 Ne5 31.Qb3+ Kh8 32.Qb7 Rb8 33.Qxa7 Nxg4 34.Nf3 Rf4 35.Re1 Nxf2 36.Qxf2 Qd3+
37.Kg2 Rxb2 38.Re8+ Kh7 39.Qxb2 Qxf3+  0-1

[Event "3rd Open"]
[Site "Plancoet FRA"]
[Date "2003.07.29"]
[Round "4"]
[White "Komljenovic,D"]
[Black "Bagheri,A"]
[Result "0-1"]
[WhiteElo "2434"]
[BlackElo "2500"]

1.d4 Nf6 2.c4 e6 3.Nc3 Bb4 4.Qc2 O-O 5.a3 Bxc3+ 6.Qxc3 b6 7.Bg5 Bb7 8.e3 d6
9.Nf3 Nbd7 10.Bh4 c5 11.Be2 a5 12.O-O Ne4 13.Qc2 g5 14.Bg3 f5 15.Rfd1 Qe7
16.dxc5 bxc5 17.Nd2 e5 18.f3 Nxg3 19.hxg3 f4 20.Bd3 fxg3 21.Be4 Rab8 22.Bxb7 Rxb7
23.Ne4 g4 24.Nxg3 gxf3 25.Nf5 Qg5 26.e4 Nf6 27.Rd3 f2+ 28.Qxf2 Nxe4 29.Qe2 Qxf5
30.Rf3 Qxf3 31.gxf3 Rg7+ 32.Kh2 Rf6 33.Qe3 Ng5 34.Kg2 Nxf3+ 35.Kh1 Rg5 36.Rf1 Rh6+  0-1

[Event "Open"]
[Site "Olomouc CZE"]
[Date "2003.07.31"]
[Round "2"]
[White "Szymanski,M"]
[Black "Batyte,D"]
[Result "1-0"]
[WhiteElo "2407"]
[BlackElo "2166"]

1.d4 Nf6 2.c4 e6 3.Nc3 Bb4 4.Qc2 O-O 5.e4 d5 6.e5 Ne4 7.Bd3 c5 8.cxd5 exd5
9.Ne2 cxd4 10.Nxd4 Qc7 11.O-O Qxe5 12.Nf3 Qh5 13.Nxd5 Qxd5 14.Bxe4 Qh5 15.Ng5 Be7
16.f4 Bxg5 17.fxg5 Nc6 18.Be3 Ne5 19.Qc7 Nc6 20.Rae1 Qh4 21.Bc5 Be6 22.Bxf8 Rxf8
23.Qf4 Qxf4 24.Rxf4 Bxa2 25.Bxc6 bxc6 26.Ra4 Bd5 27.Rxa7 Rb8 28.Rea1 Kf8
29.Ra8 Rxa8 30.Rxa8+ Ke7 31.Rh8 Be4 32.Rg8 Bg6 33.Kf2 h6 34.gxh6 gxh6 35.Ke3 Kd6
36.Kd4 c5+ 37.Kc4 Be4 38.Rd8+ Ke7 39.Rd2  1-0

[Event "IM"]
[Site "Niederbronn FRA"]
[Date "2003.08.02"]
[Round "1"]
[White "Rau,H"]
[Black "Batyrov,S"]
[Result "1-0"]
[WhiteElo "2388"]
[BlackElo "2418"]

1.d4 Nf6 2.c4 e6 3.Nc3 Bb4 4.Qc2 O-O 5.a3 Bxc3+ 6.Qxc3 d6 7.Bg5 Nbd7 8.e3 b6
9.Bd3 Bb7 10.f3 d5 11.cxd5 exd5 12.Ne2 Re8 13.Bf5 Nf8 14.Rc1 c6 15.O-O Qe7
16.Qb4 Qxb4 17.axb4 N6d7 18.Rc3 Ne6 19.Bh4 g6 20.Bd3 a5 21.bxa5 Rxa5 22.Rfc1 Rea8
23.Be7 c5 24.b4 cxb4 25.Bxb4 Ra4 26.Bb5 Rxb4 27.Bxd7 Ra2 28.R3c2 Rxc2 29.Rxc2 Nf8
30.Bc8 Bxc8 31.Rxc8 Rb1+ 32.Kf2 Kg7 33.Nf4  1-0

[Event "3rd Open"]
[Site "Plancoet FRA"]
[Date "2003.08.02"]
[Round "8"]
[White "Coursaget,N"]
[Black "Bagheri,A"]
[Result "1/2-1/2"]
[WhiteElo "2226"]
[BlackElo "2500"]

1.d4 Nf6 2.c4 e6 3.Nc3 Bb4 4.Qc2 O-O 5.a3 Bxc3+ 6.Qxc3 Ne4 7.Qc2 f5 8.g3 b6
9.Bg2 Bb7 10.Nf3 Qe8 11.Ng5 Qg6 12.h4 c5 13.dxc5 Nxc5 14.Bxb7 Nxb7 15.h5 Qf6
16.h6 g6 17.Nf3 Nc6 18.Rh4 e5 19.b3 Rac8 20.Bb2 Rfd8 21.Rd1 d6 22.b4 Re8
23.Qb3 Kh8 24.Qd3 Ncd8 25.Nd4 a6 26.f4 Nf7 27.Nf3 Rc7  1/2-1/2

[Event "Stork YM"]
[Site "Hengelo NED"]
[Date "2003.08.07"]
[Round "6"]
[White "Bensdorp,M"]
[Black "Vasilkova,S"]
[Result "1-0"]
[WhiteElo "2164"]
[BlackElo "2347"]

1.d4 Nf6 2.c4 e6 3.Nc3 Bb4 4.Qc2 O-O 5.a3 Bxc3+ 6.Qxc3 b6 7.Bg5 Bb7 8.e3 d6
9.f3 Nbd7 10.Nh3 Qc8 11.Bd3 c5 12.O-O d5 13.Rac1 cxd4 14.Qxd4 dxc4 15.Rxc4 Qb8
16.Rc2 h6 17.Bh4 e5 18.Qc3 Rc8 19.Qd2 Rxc2 20.Bxc2 Qc7 21.Rd1 Bc6 22.Nf2 Rc8
23.Bf5 Ba4 24.Re1 Rd8 25.Qb4 Bc6 26.Rc1 g5 27.Bg3 Nd5 28.Qe1 Ne7 29.Bxd7 Rxd7
30.Ng4  1-0

[Event "World Youth Stars"]
[Site "Kirishi RUS"]
[Date "2003.08.07"]
[Round "5"]
[White "Khairullin,I"]
[Black "Bogosavljevic,B"]
[Result "1/2-1/2"]
[WhiteElo "2445"]
[BlackElo "2232"]

1.d4 Nf6 2.c4 e6 3.Nc3 Bb4 4.Qc2 O-O 5.Nf3 c5 6.dxc5 Na6 7.a3 Bxc3+ 8.Qxc3 Nxc5
9.e3 b6 10.b4 Nce4 11.Qd4 Ba6 12.Bb2 Rc8 13.b5 Bb7 14.Bd3 d6 15.Bxe4 Bxe4
16.Rd1 Qc7 17.O-O Rfd8 18.Nd2 e5 19.Qc3 d5 20.Nxe4 Nxe4 21.Qxe5 Qxe5 22.Bxe5 dxc4
23.Rxd8+ Rxd8 24.Rc1 Rd5 25.Bd4 Rxb5 26.f3 Nd6 27.e4 f6 28.Bf2 Nb7 29.h4 Na5
30.Be1 Rc5 31.Bb4 Nb3 32.Rd1 Rc7 33.Bc3 Nc5 34.e5 fxe5 35.Bxe5 Rd7 36.Rb1 Rd5
37.Bb8 c3 38.Rc1 Na4 39.Bxa7  1/2-1/2

[Event "Hilton Premier"]
[Site "Blackpool ENG"]
[Date "2003.08.08"]
[Round "7"]
[White "Gormally,D"]
[Black "Kunte,A"]
[Result "0-1"]
[WhiteElo "2478"]
[BlackElo "2515"]

1.d4 Nf6 2.c4 e6 3.Nc3 Bb4 4.Qc2 O-O 5.a3 Bxc3+ 6.Qxc3 d6 7.Nf3 b6 8.Bg5 Nbd7
9.e3 Bb7 10.Nd2 Rc8 11.b4 c5 12.dxc5 bxc5 13.b5 h6 14.Bh4 Qb6 15.Be2 d5 16.cxd5 Nxd5
17.Qc2 c4 18.Nxc4 Rxc4 19.Qxc4 Qa5+ 20.Kf1 Rc8 21.Qd4 Rc2 22.Bd3 Rd2 23.Bg3 e5
24.Qc4 N7b6 25.Qb3 Nc3 26.Bc4 Nxc4 27.Qxc4 Bd5 28.Qc8+ Kh7 29.h4 Qxb5+ 30.Kg1 Ne2+
31.Kh2 Nxg3  0-1

[Event "North Ural Cup"]
[Site "Krasnoturinsk RUS"]
[Date "2003.08.11"]
[Round "3"]
[White "Matveeva,S"]
[Black "Kosintseva,N"]
[Result "1-0"]
[WhiteElo "2478"]
[BlackElo "2427"]

1.d4 Nf6 2.c4 e6 3.Nc3 Bb4 4.Qc2 O-O 5.a3 Bxc3+ 6.Qxc3 b6 7.Nf3 d6 8.g3 Nbd7
9.Bg2 Ba6 10.b4 c5 11.dxc5 bxc5 12.b5 Bb7 13.O-O a6 14.a4 axb5 15.cxb5 Nb6
16.a5 Nbd5 17.Qa3 Nb4 18.Qa4 Be4 19.Bd2 Nfd5 20.Ne1 Bxg2 21.Nxg2 f5 22.Nf4 Qd7
23.Bxb4 Nxb4 24.b6 Qxa4 25.Rxa4 Kf7 26.Nd3 Nd5 27.Raa1 Ra6 28.Nb2 Ke7 29.Nc4 Nb4
30.Rfc1 Rfa8 31.Rab1 Nc6 32.Rb5 Nd4 33.Rb2 d5 34.Ne5 Kd6 35.Nf7+ Ke7 36.Ne5 Kd6
37.Nf7+ Ke7 38.Ne5 Kd6 39.Nf7+ Ke7 40.Ne5 Kd6 41.e3 Nc6 42.Nf7+ Kd7 43.Rxc5 Rxa5
44.b7 Rb8 45.Ne5+ Nxe5 46.Rxa5 Kc7 47.Rc5+ Kd7 48.Rb6 Nc4 49.Rc8 Rxc8 50.bxc8=Q+ Kxc8
51.Rxe6 Kd7 52.Ra6 Ke7 53.Ra7+ Kf6 54.Rd7 Ne5 55.Rxd5 Ke6 56.Ra5  1-0

[Event "ADCF Masters"]
[Site "Abu Dhabi UAE"]
[Date "2003.08.16"]
[Round "1"]
[White "Gagunashvili,M"]
[Black "Taleb,M"]
[Result "1-0"]
[WhiteElo "2577"]
[BlackElo "2401"]

1.d4 Nf6 2.c4 e6 3.Nc3 Bb4 4.Qc2 O-O 5.a3 Bxc3+ 6.Qxc3 b6 7.Bg5 Bb7 8.f3 h6
9.Bh4 d5 10.e3 Nbd7 11.Nh3 c5 12.cxd5 cxd4 13.Qxd4 e5 14.Qd1 Bxd5 15.Nf2 Be6
16.Be2 g5 17.Bg3 Qe7 18.O-O Rfd8 19.b4 a5 20.Qd2 Nh5 21.Qb2 Nxg3 22.hxg3 f6
23.g4 Nf8 24.Ne4 Bf7 25.Ng3 Bg6 26.Kf2 Kg7 27.Rad1 Rxd1 28.Rxd1 axb4 29.axb4 Ra4
30.b5 Ne6 31.Bd3 Bxd3 32.Rxd3 Nc5 33.Rd2 Qe6 34.Kg1 Kg6 35.Qb1+ e4 36.Rd4 Rxd4
37.exd4 Qb3 38.Qe1  1-0

[Event "Open"]
[Site "Vienna AUT"]
[Date "2003.08.16"]
[Round "1"]
[White "Seifert,V"]
[Black "Buchinger,F"]
[Result "1-0"]
[WhiteElo "2371"]
[BlackElo "2017"]

1.d4 Nf6 2.c4 e6 3.Nc3 Bb4 4.Qc2 O-O 5.e4 c5 6.e5 Ne8 7.dxc5 Bxc5 8.Bd3 f5
9.Nf3 Nc6 10.a3 Nd4 11.Nxd4 Bxd4 12.f4 d6 13.exd6 Nxd6 14.Ne2 Bf6 15.c5 Ne8
16.O-O Qc7 17.Be3 Bd7 18.Bc4 Kh8 19.Rad1 Qc8 20.b4 Nc7 21.Bd4 Bc6 22.Nc3 Qe8
23.Qb3 Nb5 24.Bxb5 Bxb5 25.Nxb5 Qxb5 26.Qxe6 a5 27.Bxf6 Rxf6 28.Qd7 Qa6 29.b5 Qa7
30.Qe7 Rff8 31.Rd7  1-0

[Event "ADCF Masters"]
[Site "Abu Dhabi UAE"]
[Date "2003.08.17"]
[Round "2"]
[White "El Gindy,E"]
[Black "Kengis,E"]
[Result "1/2-1/2"]
[WhiteElo "2498"]
[BlackElo "2586"]

1.d4 Nf6 2.c4 e6 3.Nc3 Bb4 4.Qc2 O-O 5.a3 Bxc3+ 6.Qxc3 Ne4 7.Qc2 f5 8.Nf3 b6
9.g3 Bb7 10.Bg2 Nf6 11.O-O Be4 12.Qd2 Nc6 13.b3 d5 14.Bb2 Na5 15.Qc3 c5 16.dxc5 bxc5
17.cxd5 exd5 18.Nd2 Bxg2 19.Kxg2 Rc8 20.Rfd1 d4 21.Qf3 Ng4 22.Kg1 Ne5 23.Qg2  1/2-1/2

[Event "Jezero Open"]
[Site "Belgrade YUG"]
[Date "2003.08.17"]
[Round "4"]
[White "Damjanovic,D"]
[Black "Strbac,M"]
[Result "1-0"]
[WhiteElo "2276"]
[BlackElo "2213"]

1.d4 e6 2.c4 Nf6 3.Nc3 Bb4 4.Qc2 O-O 5.a3 Bxc3+ 6.Qxc3 b6 7.Bg5 Bb7 8.f3 h6
9.Bh4 d5 10.e3 Nbd7 11.cxd5 exd5 12.Bd3 Re8 13.Ne2 c5 14.O-O Qe7 15.Bf2 Rac8
16.Qd2 Nf8 17.b4 c4 18.Bc2 b5 19.Nc3 Bc6 20.Rfe1 Qb7 21.Rab1 Rb8 22.Bh4 g5
23.Bg3 Rbd8 24.h4 Nh5 25.Bf2 Ne6 26.g4 Nhg7 27.f4 gxf4 28.exf4 f5 29.gxf5 Nf8
30.Re5 Qf7 31.Kh2 Kh8 32.Rg1 Rd6 33.Qe3 Nh5 34.Rxe8 Qxe8 35.Qe5+ Qxe5 36.fxe5 Rd7
37.Be3 Rg7 38.Bxh6 Rxg1 39.Kxg1 Ng7 40.Kf2  1-0

[Event "ADCF Masters"]
[Site "Abu Dhabi UAE"]
[Date "2003.08.19"]
[Round "4"]
[White "El Gindy,E"]
[Black "Ionov,S"]
[Result "1/2-1/2"]
[WhiteElo "2498"]
[BlackElo "2556"]

1.d4 Nf6 2.c4 e6 3.Nc3 Bb4 4.Qc2 O-O 5.Bg5 c5 6.dxc5 Na6 7.Nf3 Nxc5 8.Nd2 h6
9.Bh4 d5 10.cxd5 g5 11.a3 Bxc3 12.Qxc3 Nce4 13.Nxe4 Nxe4 14.Qb4 exd5 15.Bg3 Qf6
16.Rd1 Bf5 17.f3 Nxg3 18.hxg3 Rfd8 19.Qd4 Qxd4 20.Rxd4 Kg7 21.e3 Rac8 22.Be2 Rc1+
23.Bd1 Rb1 24.Rd2 Re8 25.Kf2 Rc8 26.Rf1 Rcc1 27.Be2 Rxf1+ 28.Bxf1 Kf6 29.Be2 Be6
30.Bd3 Rc1 31.g4 Ke7 32.Bc2 b6 33.Ke2  1/2-1/2

[Event "ADCF Masters"]
[Site "Abu Dhabi UAE"]
[Date "2003.08.23"]
[Round "7"]
[White "Gagunashvili,M"]
[Black "Kunte,A"]
[Result "1-0"]
[WhiteElo "2577"]
[BlackElo "2515"]

1.d4 Nf6 2.c4 e6 3.Nc3 Bb4 4.Qc2 O-O 5.a3 Bxc3+ 6.Qxc3 d6 7.Bg5 Nbd7 8.f3 c5
9.dxc5 Nxc5 10.Rd1 e5 11.b4 Ne6 12.Bxf6 Qxf6 13.Rxd6 b6 14.e3 Bb7 15.Nh3 Qg6
16.Kf2 Qh5 17.Be2 Qh4+ 18.Kf1 Rfd8 19.Qxe5 Rxd6 20.Qxd6 Rd8 21.Qg3 Qf6 22.Kf2 Qb2
23.Ng5 Nxg5 24.Qxg5 Rd2 25.Re1 h6 26.Qe7 Bc6 27.Qxa7 b5 28.cxb5 Bd5 29.b6 Kh7
30.Qe7 f5 31.b7 Bc4 32.b8=Q Bxe2 33.Qg3  1-0

[Event "Open"]
[Site "Vienna AUT"]
[Date "2003.08.23"]
[Round "8"]
[White "Van der Plas,R"]
[Black "Kirschner,A"]
[Result "1-0"]
[WhiteElo "2209"]
[BlackElo "2125"]

1.d4 e6 2.c4 Nf6 3.Nc3 Bb4 4.Qc2 O-O 5.a3 Bxc3+ 6.Qxc3 b6 7.Bg5 Bb7 8.f3 h6
9.Bh4 c5 10.dxc5 bxc5 11.Nh3 a5 12.e3 d6 13.Rd1 Ra6 14.Bg3 Qc7 15.Bd3 a4
16.O-O Rd8 17.Bc2 Nbd7 18.Rd2 Ne8 19.Rfd1 Ndf6 20.e4 Nh5 21.Bf2 e5 22.g4 Bc8
23.Kh1 Nhf6 24.Bg3 Nd7 25.Nf2 f6 26.h4 g5 27.Nd3 Nf8 28.Rh2 Qa5 29.Bf2 Ne6
30.Kg2 Nd4 31.Bxd4 exd4 32.Qxa5 Rxa5 33.hxg5 hxg5 34.Rdh1 Kf7 35.Rh8 Bd7
36.R1h7+ Ke6 37.Rf8 d5 38.exd5+ Kd6 39.Nf2 Rda8 40.Rff7 Rd8 41.Bf5 Bxf5 42.gxf5 Ke5
43.Rf8 Kxf5 44.Rhh8 Raa8 45.Ne4 d3 46.Kf2 g4 47.Ke3 gxf3 48.Kxf3 Ke5 49.Nxc5 Rdc8
50.Nd7+ Kd4 51.Rh4+  1-0

[Event "1st League TCh-SCG"]
[Site "Budva SCG"]
[Date "2003.08.29"]
[Round "1"]
[White "Miljkovic,Mih"]
[Black "Vojinovic,G"]
[Result "0-1"]
[WhiteElo "2275"]
[BlackElo "2471"]

1.d4 Nf6 2.c4 e6 3.Nc3 Bb4 4.Qc2 O-O 5.e4 d5 6.e5 Ne4 7.Bd3 c5 8.cxd5 exd5
9.Ne2 cxd4 10.Nxd4 Nd7 11.e6 Ndc5 12.exf7+ Rxf7 13.O-O Bxc3 14.bxc3 Nxd3
15.Qxd3 Qc7 16.Nb5 Qc6 17.f3 Nc5 18.Qe2 b6 19.Nd4 Qa4 20.Re1 Ba6 21.Qc2 Rc8
22.Bd2 Qxc2 23.Nxc2 Na4 24.Nb4 Bc4 25.Re5 Rd7 26.a3 h6 27.Rae1 a5 28.Nc2 Bd3
29.Ne3 Rc5 30.Nd1 Rb5 31.Be3 Rb3 32.Bd4 Rxa3 33.Kf2 Kf7 34.Ne3 Nxc3 35.Nf5 Ra2+  0-1

[Event "1st League TCh-SCG"]
[Site "Budva SCG"]
[Date "2003.08.29"]
[Round "1"]
[White "Drasko,M"]
[Black "Maksimovic,B"]
[Result "1/2-1/2"]
[WhiteElo "2491"]
[BlackElo "2384"]

1.d4 Nf6 2.c4 e6 3.Nc3 Bb4 4.Qc2 O-O 5.a3 Bxc3+ 6.Qxc3 b6 7.Bg5 Bb7 8.e3 d6
9.f3 Nbd7 10.Nh3 h6 11.Bh4 Rc8 12.Bg3 e5 13.Be2 Qe7 14.O-O Nh5 15.Be1 f5
16.Rd1  1/2-1/2

[Event "ch-ISL"]
[Site "Hafnarborg ISL"]
[Date "2003.08.29"]
[Round "6"]
[White "Kjartansson,D"]
[Black "Kristjansson,S"]
[Result "1/2-1/2"]
[WhiteElo "2320"]
[BlackElo "2404"]

1.d4 Nf6 2.c4 e6 3.Nc3 Bb4 4.Qc2 O-O 5.a3 Bxc3+ 6.Qxc3 Ne4 7.Qc2 f5 8.g3 b6
9.Bg2 Bb7 10.Nf3 Nf6 11.O-O Be4 12.Qc3 d6 13.Bg5 Nbd7 14.Rfd1 Qc8 15.Rac1 a5
16.Bxf6 Nxf6 17.c5 Nd5 18.Qd2 Qe8 19.Ne1 Nf6 20.cxd6 cxd6 21.Bxe4 Nxe4 22.Qe3 Nf6
23.Ng2 Nd5 24.Qf3 Qd7 25.Ne3 Nxe3 26.Qxe3 f4 27.Qb3 a4 28.Qxb6 fxg3 29.hxg3 Rab8
30.Qc7 Qxc7 31.Rxc7 Rxb2 32.Kf1 Rb3 33.Kg2 Rxa3 34.Rb1 Rb3 35.Rxb3 axb3 36.Rb7 Rc8
37.Rxb3 Kf7 38.Kf3 d5  1/2-1/2

[Event "Polish Extraleague"]
[Site "Lubniewice POL"]
[Date "2003.08.30"]
[Round "1"]
[White "Guzik,J"]
[Black "Radziewicz,I"]
[Result "0-1"]
[WhiteElo "2139"]
[BlackElo "2419"]

1.d4 Nf6 2.c4 e6 3.Nc3 Bb4 4.Qc2 O-O 5.Nf3 c5 6.e3 b6 7.a3 Bxc3+ 8.Qxc3 Bb7
9.Be2 d6 10.O-O Nbd7 11.b4 cxd4 12.exd4 Qc7 13.Bf4 Nd5 14.Qd2 Nxf4 15.Qxf4 Rac8
16.Rac1 Nf6 17.Bd3 Qd7 18.b5 Qe7 19.Qe3 Bxf3 20.gxf3 Rc7 21.Rc2 Rfc8 22.Rfc1 g6
23.f4 Nh5 24.Be2 Ng7 25.Bg4 Qh4 26.Qg3 Qf6 27.Qf3 h5 28.Bh3 h4 29.Bg4 Kh7
30.h3 Nf5 31.Bxf5 exf5 32.Qd3 Re7 33.c5 Re4 34.cxb6 Rxc2 35.Qxc2 axb6 36.Qc7 Rxf4
37.Qxb6 Qg5+ 38.Kf1 Qg3 39.d5 Qd3+  0-1

[Event "Polish Extraleague"]
[Site "Lubniewice POL"]
[Date "2003.09.02"]
[Round "4"]
[White "Schmidt,Wl"]
[Black "Jaracz,P"]
[Result "1/2-1/2"]
[WhiteElo "2406"]
[BlackElo "2539"]

1.d4 Nf6 2.c4 e6 3.Nc3 Bb4 4.Qc2 O-O 5.a3 Bxc3+ 6.Qxc3 d6 7.Bg5 Nbd7 8.e3 b6
9.Bd3 c5 10.Ne2 Ba6 11.O-O Rc8 12.Qb3 Qc7 13.Qa4 cxd4 14.Qxa6 Nc5 15.Qb5 a6
16.Qb4 Nxd3 17.Qd2 Qxc4 18.Bxf6 gxf6 19.Nxd4 Nc5 20.Qd1 Qd3 21.Qf3 Qg6 22.Rac1 Kh8
23.b4 Ne4 24.Qe2 b5 25.Nc6 Qg5 26.f3 Nc5 27.f4 Qg7  1/2-1/2

[Event "1st League TCh-SCG"]
[Site "Budva SCG"]
[Date "2003.09.03"]
[Round "6"]
[White "Ivanisevic,I"]
[Black "Lekic,D"]
[Result "1-0"]
[WhiteElo "2563"]
[BlackElo "2416"]

1.d4 Nf6 2.c4 e6 3.Nc3 Bb4 4.Qc2 O-O 5.e4 d6 6.a3 Bxc3+ 7.bxc3 e5 8.Bd3 Nc6
9.Ne2 b6 10.O-O Ba6 11.f4 Nd7 12.Be3 Na5 13.c5 Bxd3 14.Qxd3 exd4 15.cxd4 dxc5
16.d5 c6 17.d6 Qe8 18.Ng3 Qe6 19.Rae1 f6 20.Nf5 Kh8 21.Bd2 Nc4 22.Bc3 b5
23.g4 a5 24.g5 b4 25.Ba1 Nxa3 26.g6 Qe8 27.Ne7 c4 28.Qh3 h6 29.Qh5 Ra7 30.Re3 c3
31.Rh3 f5 32.e5 Nc5 33.Qxh6+  1-0

[Event "56th ch-RUS"]
[Site "Krasnoyarsk RUS"]
[Date "2003.09.03"]
[Round "1"]
[White "Shipov,S"]
[Black "Balashov,Y"]
[Result "1-0"]
[WhiteElo "2589"]
[BlackElo "2500"]

1.d4 Nf6 2.c4 e6 3.Nc3 Bb4 4.Qc2 O-O 5.a3 Bxc3+ 6.Qxc3 d6 7.Nf3 a5 8.b3 b6
9.e3 Bb7 10.Be2 Nbd7 11.O-O Ne4 12.Qc2 f5 13.Bb2 Rf6 14.d5 Rg6 15.Rad1 e5
16.b4 Qe7 17.Rfe1 Rf8 18.Bf1 Bc8 19.Nd2 Qh4 20.Nf3 Qh5 21.Qe2 Ndf6 22.Nxe5 Qxe2
23.Bxe2 dxe5 24.f3 Nd6 25.Bxe5 Nd7 26.Bf4 Rgf6 27.Rc1 axb4 28.axb4 h6 29.h4 Ne8
30.c5 bxc5 31.bxc5 Ba6 32.c6 Nb8 33.Ra1 Bxe2 34.Rxe2 Nxc6 35.dxc6 Rxc6 36.Ra7 Rf7
37.Rd2 Re7 38.Rd5 Rf6 39.h5 Kf7 40.Rc5 g5 41.hxg6+ Kxg6 42.Kf2 Rfe6 43.Ra1 Rd7
44.Rh1 h5 45.Rh3 Rf7 46.Rg3+ Kh7 47.Rg5 Ng7 48.Be5 Rg6 49.Rxg6 Kxg6 50.Rc6+ Kh7
51.Kg3 Ne8 52.Kf4 Nd6 53.Kg5 Re7 54.Bf4 Kg8 55.Bxd6 cxd6 56.Rxd6 Rxe3 57.Kxh5 Re2
58.g3 Re3 59.Kg6  1-0

[Event "1st League TCh-SCG w"]
[Site "Budva SCG"]
[Date "2003.09.05"]
[Round "7"]
[White "Matveeva,S"]
[Black "Maric,A"]
[Result "1-0"]
[WhiteElo "2478"]
[BlackElo "2433"]

1.d4 Nf6 2.c4 e6 3.Nc3 Bb4 4.Qc2 O-O 5.a3 Bxc3+ 6.Qxc3 b6 7.Nf3 Bb7 8.e3 d6
9.Be2 Nbd7 10.O-O Ne4 11.Qc2 f5 12.b4 Rf6 13.d5 Rg6 14.Nd4 exd5 15.f3 Qg5
16.Bd3 dxc4 17.Bxc4+ d5 18.Bb5 c6 19.fxe4 cxb5 20.exf5 Rc8 21.Qf2 Rf6 22.Bb2 Rf7
23.Ne6 Qg4 24.h3 Qh5 25.Bd4 g6 26.Qg3 Rc2 27.Nd8  1-0